000
00240nam a2200109Ia 4500
008
190216s9999||||xx |||||||||||||| ||und||
100
_a
Charles T Horngren
245
0
_a
Cost Accounting
260
_b
Null
_c
1977
300
_a
1018
942
_c
BK
999
_c
5327
_d
5327